| 000 | 00512nam a2200193 i 4500 | ||
|---|---|---|---|
| 001 | 42993 | ||
| 003 | ES-MaACL | ||
| 005 | 20230906160720.0 | ||
| 007 | t| | ||
| 008 | 030314s1978 sp ||||1| spa d | ||
| 100 | 1 |
_aCencillo, Luis. _937397 |
|
| 245 | 1 | 3 |
_aEl hombre, noción científica / _cLuis Cencillo. |
| 260 |
_aMadrid : _bPirámide, _c[1978] |
||
| 300 |
_a670 p. ; _c23 cm. |
||
| 490 | 1 | _aNeurociencia | |
| 830 | 0 |
_aNeurociencia _9181789 |
|
| 852 |
_aES-MaACL _jA-8213 _bR.97491 |
||
| 999 |
_c42993 _d42993 |
||